Hľadanie finančných parametrov určujúcich postavenie podniku na trhu diplomová práca

Gespeichert in:
Bibliographische Detailangaben
1. Verfasser: Maďarová, Romana
Körperschaft: Fakulta podnikového manažmentu EU. Katedra podnikových financií
Weitere Verfasser: Tóthová, Alena, 1968-
Format: Buch
Sprache:Slowakisch
Veröffentlicht: Bratislava 2019
Tags: Tag hinzufügen
Keine Tags, Fügen Sie das erste Tag hinzu!

MARC

LEADER 00000nbm a2200000 4500
001 0255441
005 20191122083437.9
041 0 |a slo 
044 |a SK 
245 1 0 |a Hľadanie finančných parametrov určujúcich postavenie podniku na trhu  |b diplomová práca  |c Romana Maďarová ; školiteľ: Alena Tóthová 
264 1 |a Bratislava  |c 2019 
300 |a 75 s. 
100 1 |a Maďarová, Romana 
700 1 |a Tóthová, Alena, 1968- 
710 2 |a Fakulta podnikového manažmentu EU. Katedra podnikových financií